| 000 | 00644nam a22001817a 4500 | ||
|---|---|---|---|
| 005 | 20260424210740.0 | ||
| 008 | 260424b ||||fr|||| 00| 0 eng d | ||
| 040 |
_aCENDOC CAAAP _bspa _cCAAAP |
||
| 041 | _apor | ||
| 050 |
_aF 22 _b.F56 |
||
| 100 | 1 |
_92113 _aFlornoy, Bertrand |
|
| 245 | 1 |
_aHaut-Amazone : _bTrois français chez les indiens réducteurs de têtes / _cBertrand Flornoy |
|
| 250 | _a1ra edición | ||
| 260 | 1 |
_aParis, Francia : _bLibrairie Plon, _c1939. |
|
| 300 |
_avi, 273 páginas : _bfotografias, _c21 x 15 cm |
||
| 650 | 0 |
_95183 _aIndígenas amazónicos _vDescripción y viajes _xEtnografía _zAmazonía |
|
| 942 |
_2lcc _bDD - MM - AA |
||
| 999 |
_c4544 _d4544 |
||